Visualizzazione normale
Vista MARC
- M. Boffi
di Personal Name
Records bibliografici associati: 1
001 - CONTROL NUMBER
- control field: 36079
003 - CONTROL NUMBER IDENTIFIER
- control field: IT-RoPau
005 - DATE AND TIME OF LATEST TRANSACTION
- control field: 20151004113653.0
008 - FIXED-LENGTH DATA ELEMENTS
- fixed length control field: 151004|| aca||aabn | a|a d
040 ## - CATALOGING SOURCE
- Original cataloging agency: IT-RoPau
- Transcribing agency: IT-RoPau
100 ## - HEADING--PERSONAL NAME
- Personal name: M. Boffi
670 ## - SOURCE DATA FOUND
- Source citation: Work cat.: (IT-RoPau)32795: Luigi Mezzadri 36078, Don Luigi Monza. Un profeta della carità